[Event "World op 48th"]
[Site "ICC INT"]
[Date "2020.08.09"]
[Round "7"]
[White "Xu, Andrew"]
[Black "Narayanan, Akash L"]
[Result "0-1"]
[WhiteElo "1524"]
[BlackElo "1768"]
[PlyCount "68"]
[EventDate "2020.08.07"]
[EventType "swiss"]
[EventRounds "9"]
[EventCountry "USA"]
[SourceTitle "CBM 197 Extra"]
[Source "ChessBase"]
[SourceDate "2020.09.30"]
[SourceVersion "1"]
[SourceVersionDate "2020.09.30"]
[SourceQuality "1"]

1. e4 e5 2. Nf3 Nc6 3. Bb5 a6 4. Ba4 Nf6 5. 0-0 b5 6. Bb3 Be7 7. Qe2 d6 8. c3 0-0 9. Rd1 Na5 10. Bc2 c5 11. d4 Qc7 12. Bg5 Bg4 13. h3 Bxf3 14. gxf3 Nh5 15. f4 Bxg5 16. fxg5 Nf4 17. Qg4 cxd4 18. Bd3 f6 19. cxd4 fxg5 20. dxe5 dxe5 21. Nc3 h5 22. Qg3 Qf7 23. Nd5 Rad8 24. Nb4 Rxd3 25. Nxd3 Ne2+ 26. Kg2 Nxg3 27. f3 h4 28. Nxe5 Qc7 29. Ng4 Qc2+ 30. Nf2 Nxe4 31. fxe4 Rxf2+ 32. Kg1 Rg2+ 33. Kh1 Rh2+ 34. Kg1 Qg2# 0-1

[Event "PNWCC Online Masters WOO"]
[Site "Chess.com INT"]
[Date "2020.07.04"]
[Round "1.53"]
[White "Xu, Andrew"]
[Black "Papp, Petra"]
[Result "0-1"]
[WhiteElo "1524"]
[BlackElo "2338"]
[PlyCount "70"]
[EventDate "2020.07.04"]
[EventType "swiss (rapid)"]
[EventRounds "9"]
[EventCountry "USA"]
[SourceTitle "CBM 197 Extra"]
[Source "ChessBase"]
[SourceDate "2020.09.30"]
[SourceVersion "1"]
[SourceVersionDate "2020.09.30"]
[SourceQuality "1"]

1. e4 c6 2. d4 d5 3. Nd2 dxe4 4. Nxe4 Nf6 5. Nxf6+ exf6 6. Nf3 Bd6 7. Be2 0-0 8. 0-0 Re8 9. Be3 Nd7 10. Rc1 Nf8 11. Qd2 Ng6 12. c4 f5 13. d5 c5 14. Qd3 Qf6 15. Bd2 Ne5 16. Qc3 Bd7 17. b3 h6 18. Nxe5 Bxe5 19. Qf3 Bxh2+ 20. Kxh2 Qe5+ 21. Bf4 Qxe2 22. Qxe2 Rxe2 23. Rce1 Rae8 24. Be3 Rxa2 25. Bxc5 b6 26. Rxe8+ Bxe8 27. Bd6 f6 28. Re1 Bh5 29. Bg3 g5 30. d6 Rd2 31. Re7 f4 32. d7 fxg3+ 33. Kxg3 Kf8 34. Rh7 Bf7 35. Rxh6 Kg7 0-1

[Event "Vancouver Intermat"]
[Site "Vancouver"]
[Date "2018.05.05"]
[Round "1.11"]
[White "Xu, Andrew"]
[Black "Velea, Stephanie"]
[Result "1-0"]
[WhiteElo "1554"]
[BlackElo "1764"]
[PlyCount "91"]
[EventDate "2018.05.05"]
[EventType "tourn"]
[EventRounds "2"]
[EventCountry "CAN"]
[SourceTitle "EXT 2022"]
[Source "ChessBase"]
[SourceDate "2021.10.06"]
[SourceVersion "1"]
[SourceVersionDate "2021.10.06"]
[SourceQuality "1"]

1. e4 c5 2. Nf3 d6 3. Bb5+ Bd7 4. Bxd7+ Nxd7 5. 0-0 Ngf6 6. Re1 e6 7. c4 Be7 8. Nc3 0-0 9. d4 Rc8 10. b3 Qb6 11. e5 Ne8 12. d5 dxe5 13. Nxe5 Nxe5 14. Rxe5 Bf6 15. Re3 Rd8 16. Bb2 Nc7 17. Na4 Qd6 18. Bxf6 gxf6 19. Qh5 Qf4 20. Rg3+ Kh8 21. Rh3 Qe4 22. Nxc5 Qc2 23. Qh6 Ne8 24. Rc1 Qg6 25. Qxf8+ Qg8 26. Qxg8+ Kxg8 27. dxe6 fxe6 28. Rd3 Rc8 29. Nxe6 Rc6 30. Nf4 Nc7 31. h3 h6 32. Nd5 Nxd5 33. Rxd5 Re6 34. c5 Re2 35. Rd7 Rxa2 36. Rxb7 Rd2 37. c6 Rd8 38. c7 Rc8 39. Rb8 Rxb8 40. cxb8Q+ Kg7 41. h4 h5 42. f4 Kg6 43. Rc5 a5 44. f5+ Kg7 45. Rc7+ Kh6 46. Qh8# 1-0

[Event "Vancouver Intermat"]
[Site "Vancouver"]
[Date "2016.05.14"]
[Round "1.7"]
[White "Xu, Andrew"]
[Black "Jiang, Brandon"]
[Result "0-1"]
[WhiteElo "1201"]
[BlackElo "1629"]
[PlyCount "120"]
[EventDate "2016.05.14"]
[EventType "swiss"]
[EventRounds "2"]
[EventCountry "CAN"]
[SourceTitle "EXT 2022"]
[Source "ChessBase"]
[SourceDate "2021.10.06"]
[SourceVersion "1"]
[SourceVersionDate "2021.10.06"]
[SourceQuality "1"]

1. e4 e5 2. Nf3 Nc6 3. Bb5 a6 4. Ba4 Nf6 5. d3 d6 6. Nc3 h6 7. Nd5 b5 8. Bb3 Bg4 9. h3 Bh5 10. Be3 Be7 11. Nxf6+ Bxf6 12. Bd5 Qd7 13. Rc1 Rb8 14. c4 Nb4 15. cxb5 Nxd5 16. exd5 Rxb5 17. Qc2 Bxf3 18. gxf3 Rb7 19. b3 Bg5 20. Qc4 Bxe3 21. fxe3 Ra7 22. Rc2 0-0 23. Rg2 Kh8 24. d4 Qf5 25. Qe2 exd4 26. Rg4 Qb1+ 27. Qd1 Qxd1+ 28. Kxd1 dxe3 29. Re4 Raa8 30. Rxe3 Rfe8 31. Rhe1 Rxe3 32. Rxe3 Kg8 33. Rc3 Ra7 34. Rc6 Kf8 35. Kd2 Ke7 36. Kc3 Kf6 37. Kb4 Ke5 38. Ka5 Kxd5 39. Rxa6 Rxa6+ 40. Kxa6 Kc6 41. a4 d5 42. Ka5 Kc5 43. b4+ Kc4 44. Ka6 d4 45. a5 d3 46. Kb7 d2 47. a6 d1Q 48. a7 Qxf3+ 49. Kb8 Kxb4 50. a8Q Qxa8+ 51. Kxa8 c5 52. Kb7 c4 53. Kc7 c3 54. Kd7 c2 55. Ke7 c1Q 56. Kxf7 Qg5 57. Kg8 Kc5 58. Kf7 Qf6+ 59. Ke8 Kd6 60. h4 Qe7# 0-1